99 Tricks and traps for Microsoft office project including Microsoft project 2000 to 2007 / (Record no. 19182)

MARC details
000 -LEADER
fixed length control field 01065nam a22002537a 4500
008 - FIXED-LENGTH DATA ELEMENTS--GENERAL INFORMATION
fixed length control field 081126t xxu||||| |||| 00| 0 eng d
010 ## - LCCN (DPL NO)
LC control number ENG-91858
020 ## - INTERNATIONAL STANDARD BOOK NUMBER
International Standard Book Number 9788183332767
Terms of availability 99.00
020 ## - INTERNATIONAL STANDARD BOOK NUMBER
International Standard Book Number 8183332765
Terms of availability 99.00
035 ## - SYSTEM CONTROL NUMBER
System control number EN-75391
037 ## - SOURCE OF ACQUISITION
Source of stock number/acquisition DBAD / PUB
040 ## - CATALOGING SOURCE
Original cataloging agency dpl
Language of cataloging English
082 ## - DEWEY DECIMAL CLASSIFICATION NUMBER
Classification number 658.4040285
100 ## - MAIN ENTRY--PERSONAL NAME
Personal name Harris, Paul E.
245 ## - TITLE STATEMENT
Title 99 Tricks and traps for Microsoft office project including Microsoft project 2000 to 2007 /
Statement of responsibility, etc by Paul E. Harris
246 ## - VARYING FORM OF TITLE
Title proper/short title Ninety nine Tricks and traps for Microsoft office project including Microsoft project 2000 to 2007 /
260 ## - PUBLICATION, DISTRIBUTION, ETC. (IMPRINT)
Place of publication, distribution, etc New Delhi
Name of publisher, distributor, etc BPB Publications
Date of publication, distribution, etc 2008
270 ## - ADDRESS
Address B-14, Connaught Place
City New Delhi
Postal code 110001
300 ## - PHYSICAL DESCRIPTION
Extent viii, 100p.
Dimensions 23cm (pbk)
650 ## - SUBJECT ADDED ENTRY--TOPICAL TERM
Topical term or geographic name as entry element Microsoft Project.
650 ## - SUBJECT ADDED ENTRY--TOPICAL TERM
Topical term or geographic name as entry element Project management
General subdivision Computer programs.
942 ## - ADDED ENTRY ELEMENTS (KOHA)
Source of classification or shelving scheme Dewey Decimal Classification
Item type English Books
Call number suffix HAR
Classification part 6584040285
Holdings
Withdrawn status Lost status Source of classification or shelving scheme Damaged status Not for loan Collection code Home library Current library Date acquired Source of acquisition Cost, normal purchase price Total Checkouts Full call number Barcode Date last seen Copy number Cost, replacement price Koha item type
    Dewey Decimal Classification   Not For Loan Non-fiction D.B.Act.Division D.B.Act.Division 01/12/2008 DBAD / PUB 99.00   658.4040285 HAR EN-75391 26/11/2008 1 99.00 English Books

© Delhi Public Library
Hit Counter
free hit counter